000 01056nam a2200241 a 4500
001 77811
003 BD-RjUL
005 20221219113641.0
008 210120b1996 pak||||| |||| 00| 0 ara d
035 _a(BD-RjUL)78037
040 _aBD-RjUL
_beng
_cBD-RjUL
041 _aara
082 _223
_a297.1226
_bJAH 1996
100 _aسليمان الجمل ;; (Jamal, Sulaymān )
_d1789 or 1790
_9243713
245 _aحاشية على الجلالين: المسماة بالفتوحات الإلهية بتوضيح تفسير الجلالين للدقائق الخفية ;; Ḥāshiyah ʻalá al-jalālayn : al-musammāt bi-al-al-Futūḥāt al-ilāhīyah bi-tawdīh Tafsīr al-Jalālayn lil-daqāʼiq al-khafīyah /
_cسليمان الجمل ;; [Sulayman Jamal ]
260 _akarachi :
_bQadimi kutub khanah ,
_c[1996]?
300 _a v. ;
_c29 cm
505 _aVol.1.--v.2.--v.3.--
600 _aSuyūṭī, Jamal
_d1445-1505.
_9504
650 _aTafsīr al-Jalālayn.
_9243715
650 _aQurʼan
_vHermeneutics.
_9243716
942 _2ddc
_cBK
999 _c77811
_d77811